000
00225nam a22000857a 4500
008
160714b xxu||||| |||| 00| 0 eng d
100
_9
2855
_a
Michelson, F.B
245
_a
The Defiant Heart
260
_a
London
_b
Harper Collins
_c
1964
999
_c
2430
_d
2430